[Event "Catalunya-chT Gp2"]
[Site "Barcelona"]
[Date "2022.02.12"]
[Round "4.4"]
[White "Roma Barge, Gabriel"]
[Black "Gonzalez Rodriguez, Jorge Armando"]
[Result "1-0"]
[WhiteElo "2090"]
[BlackElo "2253"]
[PlyCount "87"]
[EventDate "2022.01.22"]
[EventType "team-tourn"]
[EventRounds "9"]
[EventCountry "ESP"]
[SourceTitle "CBM 208 Extra"]
[Source "ChessBase"]
[SourceDate "2022.07.31"]
[SourceVersion "1"]
[SourceVersionDate "2022.07.31"]
[SourceQuality "1"]
[WhiteTeam "Lleida"]
[BlackTeam "Figueres"]
[WhiteTeamCountry "ESP"]
[BlackTeamCountry "ESP"]

1. e4 e5 2. Nf3 Qe7 3. Nc3 d6 4. d4 c6 5. Bc4 h6 6. a4 Nf6 7. h3 exd4 8. Nxd4 d5 9. Ba2 dxe4 10. 0-0 Qe5 11. Nf3 Qf5 12. Nd2 Bb4 13. Re1 Bxc3 14. bxc3 0-0 15. Qe2 Re8 16. Nc4 Rd8 17. Ba3 Be6 18. Nd6 Rxd6 19. Bxd6 Bxa2 20. Bxb8 Qe6 21. Bg3 b6 22. a5 b5 23. Qe3 Bd5 24. Rad1 Qe7 25. Qd4 Nd7 26. c4 bxc4 27. Rb1 a6 28. Rb7 Qe6 29. Rd1 Nf6 30. Ra7 Rxa7 31. Qxa7 Nd7 32. Qxa6 e3 33. Qa7 e2 34. Re1 c5 35. f3 c3 36. a6 Qc6 37. Qc7 Qe6 38. a7 Nb6 39. Qxc5 Na8 40. Qxc3 Bc4 41. Rb1 Kh7 42. Qe5 Qa6 43. Qe4+ g6 44. Qxa8 1-0

[Event "Catalunya-chT Final A+B"]
[Site "Barcelona"]
[Date "2020.03.07"]
[Round "8.3"]
[White "Gonzalez Rodriguez, Jorge Armando"]
[Black "Molina Carretero, Daniel"]
[Result "1-0"]
[WhiteElo "2234"]
[BlackElo "2157"]
[PlyCount "99"]
[EventDate "2020.03.07"]
[EventType "team-tourn"]
[EventRounds "11"]
[EventCountry "ESP"]
[SourceTitle "EXT 2023"]
[Source "ChessBase"]
[SourceDate "2022.10.05"]
[SourceVersion "1"]
[SourceVersionDate "2022.10.05"]
[SourceQuality "1"]
[WhiteTeam "Figueres"]
[BlackTeam "Gerunda"]
[WhiteTeamCountry "ESP"]
[BlackTeamCountry "ESP"]

1. b3 e5 2. Bb2 Nc6 3. e3 d5 4. Bb5 Bd6 5. Nf3 f6 6. d4 e4 7. Ng1 f5 8. Ne2 a6 9. Bxc6+ bxc6 10. c4 Nf6 11. Qd2 0-0 12. c5 Be7 13. Bc3 Qe8 14. Ba5 Bd8 15. h4 Ng4 16. Nbc3 Rf6 17. Nf4 Rh6 18. g3 g5 19. Ng2 f4 20. exf4 gxf4 21. Nxf4 e3 22. fxe3 Nxe3 23. Kf2 Nf5 24. Rae1 Qf7 25. Ref1 Bd7 26. Nce2 Nxh4 27. gxh4 Bxh4+ 28. Rxh4 Rxh4 29. Bxc7 Bg4 30. Be5 Rh2+ 31. Kg1 Bxe2 32. Nxe2 Rh1+ 33. Kxh1 Qxf1+ 34. Ng1 Qf5 35. Qh6 Kf7 36. Qg7+ Ke6 37. Bd6 Re8 38. Kg2 Qc2+ 39. Kg3 Qe4 40. Nf3 Qg6+ 41. Qxg6+ hxg6 42. Ne5 Rc8 43. Kf4 Kf6 44. b4 g5+ 45. Kg4 Ke6 46. a4 Kf6 47. Nd7+ Ke6 48. Nb8 Kf6 49. Nxa6 Ra8 50. b5 1-0

[Event "El Prat de Llobregat op-A 1st"]
[Site "El Prat de Llobregat"]
[Date "2019.12.03"]
[Round "1"]
[White "Asis Gargatagli, Hipolito"]
[Black "Gonzalez Rodriguez, Jorge Armando"]
[Result "1-0"]
[WhiteElo "2497"]
[BlackElo "2246"]
[PlyCount "29"]
[EventDate "2019.12.03"]
[EventType "swiss"]
[EventRounds "9"]
[EventCountry "ESP"]
[SourceTitle "CBM 193 Extra"]
[Source "ChessBase"]
[SourceDate "2020.01.31"]
[SourceVersion "1"]
[SourceVersionDate "2020.01.31"]
[SourceQuality "1"]

1. e4 e6 2. d4 d5 3. Nd2 c5 4. Ngf3 cxd4 5. exd5 Qxd5 6. Bc4 Qd6 7. 0-0 Nc6 8. Ne4 Qc7 9. Nxd4 a6 10. Re1 Nge7 11. Nxe6 Bxe6 12. Bxe6 Rd8 13. Qh5 Ng6 14. Bd7+ Ke7 15. Bg5+ 1-0

[Event "Barcelona Martorell-ch 37th"]
[Site "Barcelona"]
[Date "2019.11.09"]
[Round "8"]
[White "Gual Pascual, Antonio"]
[Black "Gonzalez Rodriguez, Jorge Armando"]
[Result "1/2-1/2"]
[WhiteElo "2337"]
[BlackElo "2263"]
[PlyCount "33"]
[EventDate "2019.09.14"]
[EventType "swiss"]
[EventRounds "9"]
[EventCountry "ESP"]
[SourceTitle "CBM 193 Extra"]
[Source "ChessBase"]
[SourceDate "2020.01.31"]
[SourceVersion "1"]
[SourceVersionDate "2020.01.31"]
[SourceQuality "1"]

1. Nf3 Nf6 2. c4 e6 3. g3 b6 4. Bg2 Bb7 5. 0-0 c5 6. d4 cxd4 7. Qxd4 Nc6 8. Qd3 Be7 9. Nc3 0-0 10. e4 d6 11. Bf4 Qe8 12. Rfd1 Ne5 13. Qe2 a6 14. Rac1 Rc8 15. Nd2 Bc6 16. b4 Nfd7 17. Nb3 1/2-1/2

[Event "Vallfogona rapid op 27th"]
[Site "Vallfogona de Balaguer"]
[Date "2019.09.22"]
[Round "4"]
[White "Gonzalez Rodriguez, Jorge Armando"]
[Black "Moskalenko, Viktor"]
[Result "0-1"]
[WhiteElo "2263"]
[BlackElo "2475"]
[PlyCount "71"]
[EventDate "2019.09.22"]
[EventType "swiss (rapid)"]
[EventRounds "9"]
[EventCountry "ESP"]
[SourceTitle "EXT 2020"]
[Source "ChessBase"]
[SourceDate "2019.10.17"]
[SourceVersion "1"]
[SourceVersionDate "2019.10.17"]
[SourceQuality "1"]

1. b3 Nf6 2. Bb2 g6 3. c4 Bg7 4. g3 0-0 5. Bg2 c5 6. Nc3 Nc6 7. Nh3 d6 8. Nf4 g5 9. Nfd5 Nxd5 10. cxd5 Ne5 11. f4 gxf4 12. gxf4 Ng6 13. e3 e5 14. dxe6 Qh4+ 15. Ke2 Bxe6 16. Qe1 Qh5+ 17. Bf3 Bg4 18. Qg3 Bxf3+ 19. Qxf3 Qf5 20. h4 h5 21. Rag1 Rfe8 22. Kd1 Kf8 23. Kc1 Ne5 24. Rg5 Qxg5 25. hxg5 Nxf3 26. Rxh5 Ne1 27. Ba1 d5 28. Rh1 Nd3+ 29. Kc2 Nb4+ 30. Kb1 d4 31. Nd1 Nd5 32. Rh3 dxe3 33. Bxg7+ Kxg7 34. dxe3 Rad8 35. a3 Nxf4 36. Rh1 0-1

[Event "Vallfogona rapid op 27th"]
[Site "Vallfogona de Balaguer"]
[Date "2019.09.22"]
[Round "7"]
[White "Pena Morales, Hugo"]
[Black "Gonzalez Rodriguez, Jorge Armando"]
[Result "1-0"]
[WhiteElo "2203"]
[BlackElo "2263"]
[PlyCount "99"]
[EventDate "2019.09.22"]
[EventType "swiss (rapid)"]
[EventRounds "9"]
[EventCountry "ESP"]
[SourceTitle "EXT 2020"]
[Source "ChessBase"]
[SourceDate "2019.10.17"]
[SourceVersion "1"]
[SourceVersionDate "2019.10.17"]
[SourceQuality "1"]

1. e4 e6 2. d4 d5 3. Nc3 Nf6 4. Bg5 Be7 5. exd5 Nxd5 6. Bxe7 Nxe7 7. Nf3 0-0 8. Bd3 Nd7 9. Qd2 c5 10. 0-0-0 cxd4 11. Nxd4 Nf6 12. Nf3 Qa5 13. Qg5 Qxg5+ 14. Nxg5 Nc6 15. Nge4 Rd8 16. Nxf6+ gxf6 17. Be4 Bd7 18. Rd6 Be8 19. Rhd1 Rxd6 20. Rxd6 f5 21. Bf3 Kf8 22. Bxc6 Bxc6 23. g3 Ke7 24. Rd4 Kf6 25. b4 e5 26. Rh4 Kg6 27. Rc4 h5 28. b5 Bf3 29. Kd2 a6 30. a4 axb5 31. axb5 Ra3 32. Ra4 Rxa4 33. Nxa4 Kf6 34. Ke3 Bd1 35. Nc5 Bxc2 36. Nxb7 Ke6 37. b6 f6 38. Nc5+ Kd6 39. b7 Kc7 40. Nd7 Kxb7 41. Nxf6 Kc6 42. f4 e4 43. Nxh5 Kd6 44. Ng7 Kd7 45. Nh5 Bd1 46. Nf6+ Kc6 47. Nh5 Bg4 48. Ng7 Kd6 49. Kd4 Ke7 50. Ne8 1-0

[Event "Sabadell op 12th"]
[Site "Sabadell"]
[Date "2019.09.10"]
[Round "9"]
[White "Lever, Erwan"]
[Black "Gonzalez Rodriguez, Jorge Armando"]
[Result "0-1"]
[WhiteElo "2221"]
[BlackElo "2263"]
[PlyCount "100"]
[EventDate "2019.09.02"]
[EventType "swiss"]
[EventRounds "9"]
[EventCountry "ESP"]
[SourceTitle "EXT 2020"]
[Source "ChessBase"]
[SourceDate "2019.10.17"]
[SourceVersion "1"]
[SourceVersionDate "2019.10.17"]
[SourceQuality "1"]

1. d4 Nf6 2. c4 e6 3. g3 d5 4. Nf3 b6 5. Bg2 Bb7 6. cxd5 Nxd5 7. 0-0 Nd7 8. Re1 Bb4 9. Bd2 Bxd2 10. Nbxd2 0-0 11. e4 N5f6 12. e5 Nd5 13. Ne4 Ne7 14. Qd3 h6 15. Rac1 Rc8 16. h4 Bxe4 17. Qxe4 c5 18. Rcd1 Nd5 19. Bf1 c4 20. Rc1 b5 21. b3 N7b6 22. bxc4 bxc4 23. Nd2 c3 24. Nf3 f5 25. exf6 Qxf6 26. Bh3 Rce8 27. Kg2 Kh8 28. Rc2 Nc4 29. Rce2 Re7 30. Bg4 Rfe8 31. Qd3 Nb2 32. Qc2 Nc4 33. Qb3 Qg6 34. Qxc4 Nf4+ 35. Kh1 Qxg4 36. Nh2 Qxe2 37. Rxe2 Nxe2 38. Qxe2 Rc7 39. Qc2 Rb8 40. Nf3 Rb2 41. Qg6 Rc8 42. Ne5 Rxf2 43. Qxe6 Rb8 44. Kg1 c2 45. Kxf2 c1Q 46. Nf7+ Kh7 47. Qe4+ g6 48. Nd6 Rf8+ 49. Ke2 Qb2+ 50. Ke3 Qa3+ 0-1

[Event "Sitges op 45th"]
[Site "Sitges"]
[Date "2019.07.23"]
[Round "2"]
[White "Gonzalez Rodriguez, Jorge Armando"]
[Black "Valderrama Quiceno, Esteban Alberto"]
[Result "0-1"]
[WhiteElo "2201"]
[BlackElo "2423"]
[PlyCount "132"]
[EventDate "2019.07.22"]
[EventType "swiss"]
[EventRounds "9"]
[EventCountry "ESP"]
[SourceTitle "CBM 191 Extra"]
[Source "ChessBase"]
[SourceDate "2019.09.30"]
[SourceVersion "1"]
[SourceVersionDate "2019.09.30"]
[SourceQuality "1"]

1. b3 Nf6 2. Bb2 e6 3. g3 d5 4. Bg2 Be7 5. f4 c5 6. e3 Nc6 7. Nf3 0-0 8. 0-0 b6 9. d3 Bb7 10. Nbd2 Qc7 11. Qe2 Rad8 12. c4 dxc4 13. Nxc4 Nd5 14. Rad1 Bf6 15. Nfe5 Nce7 16. e4 Nb4 17. a3 Na6 18. Ne3 Ng6 19. N3g4 Bxe5 20. fxe5 Nb8 21. h4 Nc6 22. h5 Ngxe5 23. h6 f6 24. Bh3 Bc8 25. Rf4 Nxg4 26. Bxg4 Rf7 27. hxg7 e5 28. Bxc8 Qxc8 29. Rg4 Qe6 30. b4 cxb4 31. axb4 Nxb4 32. Bc1 Nc2 33. Rh4 Nd4 34. Qh5 Rxg7 35. Bh6 Rg6 36. Kh2 Rxh6 37. Qxh6 Nf3+ 38. Kg2 Nxh4+ 39. Qxh4 Qa2+ 40. Kh3 Qe6+ 41. Kg2 Rc8 42. Rf1 Rc2+ 43. Kg1 Kg7 44. Rf5 Qd6 45. Qg4+ Kh8 46. Rf1 Qc5+ 47. Kh1 Rc1 48. Rxc1 Qxc1+ 49. Kg2 Qc2+ 50. Kh3 Qxd3 51. Qc8+ Kg7 52. Qc7+ Kg6 53. Qc8 Qf1+ 54. Kh2 Qe2+ 55. Kg1 Qxe4 56. Qg8+ Kh6 57. Qf8+ Kg5 58. Qg7+ Qg6 59. Qxa7 Kg4 60. Qxb6 Qd3 61. Qe6+ Kxg3 62. Qg8+ Kf4 63. Qe6 Qd4+ 64. Kg2 e4 65. Qb3 Qd2+ 66. Kh1 Qe1+ 0-1

[Event "Torredembarra op 21st"]
[Site "Torredembarra"]
[Date "2019.07.13"]
[Round "8"]
[White "Gonzalez Rodriguez, Jorge Armando"]
[Black "Pogorelov, Ruslan"]
[Result "0-1"]
[WhiteElo "2201"]
[BlackElo "2347"]
[PlyCount "88"]
[EventDate "2019.07.06"]
[EventType "swiss"]
[EventRounds "9"]
[EventCountry "ESP"]
[SourceTitle "CBM 191 Extra"]
[Source "ChessBase"]
[SourceDate "2019.09.30"]
[SourceVersion "1"]
[SourceVersionDate "2019.09.30"]
[SourceQuality "1"]

1. c4 c5 2. Nc3 g6 3. g3 Bg7 4. Bg2 Nc6 5. d3 b6 6. Nf3 Bb7 7. 0-0 d6 8. e3 Bxc3 9. bxc3 Qd7 10. e4 0-0-0 11. Nd2 f5 12. exf5 gxf5 13. Re1 Nf6 14. Nf3 Rhg8 15. Bg5 Rg6 16. Bxf6 Rxf6 17. d4 Na5 18. Qd3 e6 19. Nd2 Bxg2 20. Kxg2 h5 21. Qf3 Qb7 22. d5 e5 23. Qxh5 Qg7 24. Qe2 Rh8 25. Rh1 Rfh6 26. f3 Rh3 27. Rae1 Qh7 28. Nf1 Kc7 29. Kf2 f4 30. Qe4 fxg3+ 31. Kg2 Rxh2+ 32. Rxh2 gxh2 33. Qxh7+ Rxh7 34. Nxh2 Nxc4 35. Ng4 b5 36. Nf6 Rh6 37. Ne4 Kb6 38. Kg3 a5 39. Re2 b4 40. cxb4 cxb4 41. Kg4 a4 42. Kg5 Rh3 43. Kg4 Rh8 44. Kf5 b3 0-1

[Event "Torredembarra op 21st"]
[Site "Torredembarra"]
[Date "2019.07.07"]
[Round "2"]
[White "Gonzalez Rodriguez, Jorge Armando"]
[Black "Ortega Lopez, Manuel"]
[Result "1-0"]
[WhiteElo "2201"]
[BlackElo "1833"]
[PlyCount "44"]
[EventDate "2019.07.06"]
[EventType "swiss"]
[EventRounds "9"]
[EventCountry "ESP"]
[SourceTitle "CBM 191 Extra"]
[Source "ChessBase"]
[SourceDate "2019.09.30"]
[SourceVersion "1"]
[SourceVersionDate "2019.09.30"]
[SourceQuality "1"]

1. c4 e5 2. Nc3 c5 3. g3 Nf6 4. Bg2 Na6 5. d3 Nc7 6. Bg5 Be7 7. Bxf6 Bxf6 8. e3 0-0 9. Nge2 Rb8 10. 0-0 g6 11. Rb1 a6 12. Qd2 Bg7 13. b4 cxb4 14. Rxb4 b5 15. cxb5 Nxb5 16. a4 Qa5 17. Rfb1 Nxc3 18. Rxb8 Nxe2+ 19. Qxe2 Qxa4 20. Rc1 Qa3 21. Rcxc8 Rxc8 22. Rxc8+ Bf8 1-0

[Event "Torredembarra op 21st"]
[Site "Torredembarra"]
[Date "2019.07.06"]
[Round "1"]
[White "Ventura Rius, Andreu"]
[Black "Gonzalez Rodriguez, Jorge Armando"]
[Result "0-1"]
[WhiteElo "1726"]
[BlackElo "2201"]
[PlyCount "78"]
[EventDate "2019.07.06"]
[EventType "swiss"]
[EventRounds "9"]
[EventCountry "ESP"]
[SourceTitle "CBM 191 Extra"]
[Source "ChessBase"]
[SourceDate "2019.09.30"]
[SourceVersion "1"]
[SourceVersionDate "2019.09.30"]
[SourceQuality "1"]

1. Nf3 b5 2. d4 Bb7 3. e3 a6 4. Bd3 Nf6 5. Nbd2 e6 6. b3 c5 7. Bb2 cxd4 8. exd4 Be7 9. 0-0 0-0 10. Ng5 d5 11. Qe2 Nc6 12. a3 Qb6 13. Ngf3 Rac8 14. Rab1 b4 15. a4 Rc7 16. Rbc1 Rfc8 17. Rfe1 a5 18. Nf1 Nb8 19. Ng3 Ba6 20. Ne5 Bxd3 21. Qxd3 Nc6 22. f4 Nxe5 23. fxe5 Ne8 24. Re2 Bg5 25. Rf1 g6 26. Kh1 Ng7 27. Ref2 Qa7 28. Re1 h5 29. Nf1 Nf5 30. g3 Rc6 31. Kg2 Rc3 32. Bxc3 Rxc3 33. Qb5 Nxd4 34. Qe8+ Kg7 35. h4 Bh6 36. Qd8 Nxc2 37. Qf6+ Kg8 38. Qd8+ Kh7 39. Qe8 Nxe1+ 0-1

[Event "Catalunya-chT GpB final"]
[Site "Barcelona"]
[Date "2019.03.16"]
[Round "2.3"]
[White "Boix Moreno, Daniel"]
[Black "Gonzalez Rodriguez, Jorge Armando"]
[Result "1-0"]
[WhiteElo "2225"]
[BlackElo "2199"]
[PlyCount "36"]
[EventDate "2019.03.09"]
[EventType "team-tourn"]
[EventRounds "4"]
[EventCountry "ESP"]
[SourceTitle "EXT 2020"]
[Source "ChessBase"]
[SourceDate "2019.10.17"]
[SourceVersion "1"]
[SourceVersionDate "2019.10.17"]
[SourceQuality "1"]
[WhiteTeam "Tres Peons"]
[BlackTeam "Figueres"]
[WhiteTeamCountry "ESP"]
[BlackTeamCountry "ESP"]

1. e4 e6 2. d4 d5 3. Nd2 Nf6 4. e5 Ng8 5. c3 c5 6. Ngf3 Nc6 7. Bd3 cxd4 8. cxd4 Qb6 9. 0-0 Bd7 10. Nb3 a5 11. Nc5 Bxc5 12. dxc5 Qc7 13. Re1 h6 14. a3 Nge7 15. Rb1 a4 16. Bc2 Qa5 17. Bd2 Qxc5 18. Bf4 Nf5 1-0

[Event "Catalunya-chT Gp1"]
[Site "Barcelona"]
[Date "2019.01.26"]
[Round "2.3"]
[White "Gonzalez Rodriguez, Jorge Armando"]
[Black "Akbarinia, Sayed Arash"]
[Result "1-0"]
[WhiteElo "2199"]
[BlackElo "2372"]
[PlyCount "67"]
[EventDate "2019.01.19"]
[EventType "team-tourn"]
[EventRounds "7"]
[EventCountry "ESP"]
[SourceTitle "CBM 188 Extra"]
[Source "ChessBase"]
[SourceDate "2019.02.26"]
[SourceVersion "1"]
[SourceVersionDate "2019.02.26"]
[SourceQuality "1"]
[WhiteTeam "Figueres"]
[BlackTeam "Sant Andreu"]
[WhiteTeamCountry "ESP"]
[BlackTeamCountry "ESP"]

1. c4 e6 2. Nc3 d5 3. d4 Nf6 4. Bg5 c6 5. e3 h6 6. Bh4 Nbd7 7. Nf3 Qa5 8. Nd2 Bb4 9. Qc2 0-0 10. Be2 Ne4 11. Ndxe4 dxe4 12. 0-0 f5 13. a3 Bxc3 14. bxc3 g5 15. Bg3 e5 16. f3 exf3 17. Rxf3 e4 18. Rf2 Nf6 19. Be5 Bd7 20. g4 f4 21. exf4 Nxg4 22. Bxg4 Bxg4 23. Rg2 Bf5 24. fxg5 h5 25. g6 Rae8 26. Qd2 Rxe5 27. Qh6 Re7 28. g7 Rfe8 29. Qh8+ Kf7 30. g8Q+ Rxg8 31. Qxg8+ Kf6 32. Rf1 Rf7 33. c5 Ke7 34. Rxf5 1-0

[Event "Catalunya-chT Gp1"]
[Site "Barcelona"]
[Date "2019.01.19"]
[Round "1.3"]
[White "Valle Maytin, Luis Enrique"]
[Black "Gonzalez Rodriguez, Jorge Armando"]
[Result "0-1"]
[WhiteElo "2285"]
[BlackElo "2199"]
[PlyCount "90"]
[EventDate "2019.01.19"]
[EventType "team-tourn"]
[EventRounds "7"]
[EventCountry "ESP"]
[SourceTitle "CBM 188 Extra"]
[Source "ChessBase"]
[SourceDate "2019.02.26"]
[SourceVersion "1"]
[SourceVersionDate "2019.02.26"]
[SourceQuality "1"]
[WhiteTeam "Gerunda"]
[BlackTeam "Figueres"]
[WhiteTeamCountry "ESP"]
[BlackTeamCountry "ESP"]

1. d4 Nf6 2. Nf3 b5 3. g3 Bb7 4. Bg2 e6 5. 0-0 c5 6. c3 d5 7. Bg5 Nbd7 8. Nbd2 Be7 9. Re1 0-0 10. Qb3 a6 11. Rad1 h6 12. Bxf6 Bxf6 13. e4 cxd4 14. Nxd4 Nc5 15. Qa3 Be7 16. b4 Na4 17. Qb3 Rc8 18. Nb1 Bf6 19. e5 Be7 20. Rd3 Qb6 21. Bf1 Qa7 22. h4 Bd8 23. Qc2 Bb6 24. Qd2 Rc4 25. Rd1 Rfc8 26. Nb3 Qb8 27. Re1 Qc7 28. Nc5 Bxc5 29. bxc5 Rxc5 30. Ree3 Qc6 31. Bg2 b4 32. cxb4 Rc2 33. Qe1 Rxa2 34. Re2 Rxe2 35. Qxe2 Qc2 36. Qxc2 Rxc2 37. Rb3 Bc6 38. Na3 Re2 39. f4 Re1+ 40. Kf2 Rc1 41. Bf1 Bb7 42. b5 a5 43. Bd3 Nc5 44. Rb1 Nxd3+ 45. Ke3 Rxb1 0-1

[Event "Martorell op 36th"]
[Site "Martorell"]
[Date "2018.11.17"]
[Round "9"]
[White "Riera Montano, Ramon"]
[Black "Gonzalez Rodriguez, Jorge Armando"]
[Result "1/2-1/2"]
[WhiteElo "2075"]
[BlackElo "2230"]
[PlyCount "166"]
[EventDate "2018.09.15"]
[EventType "swiss"]
[EventRounds "9"]
[EventCountry "ESP"]
[SourceTitle "CBM 189 Extra"]
[Source "ChessBase"]
[SourceDate "2019.06.03"]
[SourceVersion "1"]
[SourceVersionDate "2019.06.03"]
[SourceQuality "1"]

1. d4 Nf6 2. Nf3 e6 3. c4 Bb4+ 4. Bd2 Qe7 5. g3 b6 6. Bg2 Bb7 7. 0-0 Bxd2 8. Qxd2 0-0 9. Nc3 Ne4 10. Nxe4 Bxe4 11. Qf4 d5 12. cxd5 exd5 13. Rac1 c5 14. dxc5 bxc5 15. Qe5 Qxe5 16. Nxe5 Bxg2 17. Kxg2 Na6 18. e3 Rfd8 19. Rfd1 Rac8 20. Rd2 f6 21. Nf3 Kf7 22. Rc3 Ke6 23. Ra3 Rd6 24. e4 d4 25. Ra5 Rb8 26. Kf1 Kd7 27. e5 Re6 28. exf6 gxf6 29. Ra3 Rb7 30. Re3 Rd6 31. Re4 Nb4 32. a3 Nc6 33. Rh4 Ke6 34. b4 cxb4 35. axb4 Rxb4 36. Rxh7 a5 37. h4 Kd5 38. Rc7 Rb3 39. Kg2 a4 40. Ra2 Rb4 41. h5 Rd8 42. h6 Kd6 43. Rf7 Ke6 44. Rc7 Ne5 45. h7 d3 46. Nd2 Ra8 47. Ra7 Rh8 48. f4 Nc4 49. Kf3 Nxd2+ 50. Rxd2 Rd4 51. Ke3 Rd7 52. f5+ Ke7 53. Rxa4 Rxh7 54. Re4+ Kf7 55. Rxd3 Rxd3+ 56. Kxd3 Rh1 57. Ke3 Rf1 58. Rf4 Rg1 59. Rb4 Rf1 60. Rb7+ Kg8 61. Ke4 Kf8 62. Rb8+ Kg7 63. Rb7+ Kf8 64. g4 Re1+ 65. Kd5 Kg8 66. Kd6 Re4 67. Re7 Rxg4 68. Ke6 Rg1 69. Kxf6 Ra1 70. Re8+ Kh7 71. Kf7 Ra7+ 72. Re7 Ra8 73. f6 Rb8 74. Re8 Rb7+ 75. Re7 Rb8 76. Ra7 Rc8 77. Rb7 Ra8 78. Re7 Rb8 79. Re8 Rb7+ 80. Ke6 Rb6+ 81. Kf5 Rb5+ 82. Re5 Rb1 83. Re8 Rb5+ 1/2-1/2